000 01768nam a2200313 i 4500
001 180783
003 ES-MaACL
005 20250727081500.0
008 120711s2010 sp c |||| |bspa d
020 _a978-84-85559-52-7
080 _a081 Marañón, Gregorio
080 _a929 Marañón, Gregorio
100 1 _aMarañón, Gregorio,
_d1887-1960
_976311
245 1 0 _aGregorio Marañón (1887-1960) :
_bmiembro de número de las reales academias Española, de la Historia, de Bellas Artes de San Fernando, de Ciencias Exactas, Físicas y Naturales, Nacional de Medicina y de la Academia Francesa de Ciencias Morales y Políticas /
_cAntonio López Vega (compilador y prologuista).
260 _aMadrid :
_bInstituto de España,
_c2010.
300 _a344 p. :
_b1 retr. ;
_c25 cm.
504 _aReferencias bibliográficas.
505 8 _aContiene: Estado actual de la doctrina de las secreciones internas ; Vocación, preparación y ambiente biológico y médico del padre Feijoo ; Las mujeres y el conde-duque de Olivares ; Cajal ; El Toledo del Greco ; El Romanticismo
505 8 _aContiene: Marañón, genio y figura / por Diego Gracia . Breve biografía del Excmo. Sr. D. Gregorio Marañón / por Gregorio Marañón y Bertrán de Lis y Antonio López Vega
600 1 4 _aMarañón, Gregorio,
_d1887-1960-
_vHomenajes
_976313
700 1 _aLópez Vega, Antonio,
_d1978-
_9139555
700 1 _aGracia Guillén, Diego.
_9138825
700 1 _aMarañón y Bertrán de Lis, Gregorio,
_d1942-
_9150936
710 2 _aInstituto de España.
_94873
852 _aES-MaACL
_jA-12144
_9187687
_bR.147112
_cDEPO1
_dOlim: N-5149
_xDonación: Real Academia Española
914 _96336
_aReal Academia Española
_ednr
942 _2udc
_cMONOGRAFIA
999 _c180783
_d180783